Emerging economies and the transformation of international business : (Record no. 9676)
[ view plain ]
| 000 -LEADER | |
|---|---|
| fixed length control field | 01144aam a2200301 a 4500 |
| 003 - CONTROL NUMBER IDENTIFIER | |
| control field | IeDuTC |
| 005 - DATE AND TIME OF LATEST TRANSACTION | |
| control field | 20230808112917.0 |
| 008 - FIXED-LENGTH DATA ELEMENTS--GENERAL INFORMATION | |
| fixed length control field | 060217s2006 enka b 001 0 eng |
| 010 ## - LIBRARY OF CONGRESS CONTROL NUMBER | |
| LC control number | 2006005605 |
| 015 ## - NATIONAL BIBLIOGRAPHY NUMBER | |
| National bibliography number | GBA668684 |
| Source | bnb |
| 020 ## - INTERNATIONAL STANDARD BOOK NUMBER | |
| International Standard Book Number | 9781845425975 (hbk.) : |
| Terms of availability | £90.00 |
| International Standard Book Number | 1845425979 (hbk.) : |
| Terms of availability | £90.00 |
| 040 ## - CATALOGING SOURCE | |
| Original cataloging agency | StDuBDS |
| Language of cataloging | eng |
| Transcribing agency | StDuBDS |
| Modifying agency | Uk |
| 042 ## - AUTHENTICATION CODE | |
| Authentication code | ukblsr |
| 043 ## - GEOGRAPHIC AREA CODE | |
| Geographic area code | d------ |
| 050 00 - LIBRARY OF CONGRESS CALL NUMBER | |
| Classification number | HF1379 |
| Item number | .E475 2006 |
| 082 00 - DEWEY DECIMAL CLASSIFICATION NUMBER | |
| Classification number | 338.88 |
| Edition number | 22 |
| 245 00 - TITLE STATEMENT | |
| Title | Emerging economies and the transformation of international business : |
| Remainder of title | Brazil, Russia, India and China (BRICs) / |
| Statement of responsibility, etc. | edited by Subhash C. Jain. |
| 260 ## - PUBLICATION, DISTRIBUTION, ETC. | |
| Place of publication, distribution, etc. | Cheltenham : |
| Name of publisher, distributor, etc. | Edward Elgar, |
| Date of publication, distribution, etc. | 2006. |
| 300 ## - PHYSICAL DESCRIPTION | |
| Extent | xvi, 549 p. : |
| Other physical details | ill. ; |
| Dimensions | 24 cm. |
| 440 #0 - SERIES STATEMENT/ADDED ENTRY--TITLE | |
| Title | New horizons in international business. |
| 504 ## - BIBLIOGRAPHY, ETC. NOTE | |
| Bibliography, etc. note | Includes bibliographical references and index. |
| 650 #0 - SUBJECT ADDED ENTRY--TOPICAL TERM | |
| Topical term or geographic name entry element | International trade. |
| Topical term or geographic name entry element | Strategic planning |
| Geographic subdivision | Developing countries |
| Form subdivision | Case studies. |
| 700 1# - ADDED ENTRY--PERSONAL NAME | |
| Personal name | Jain, Subhash C. |
| Fuller form of name | (Subhash Chandra), |
| Dates associated with a name | 1938- |
| 856 41 - ELECTRONIC LOCATION AND ACCESS | |
| Materials specified | Table of contents only |
| Uniform Resource Identifier | <a href="http://www.loc.gov/catdir/toc/ecip069/2006005605.html">http://www.loc.gov/catdir/toc/ecip069/2006005605.html</a> |
| Link text | Click here for access. |
| 942 ## - ADDED ENTRY ELEMENTS (KOHA) | |
| Source of classification or shelving scheme | Dewey Decimal Classification |
| Koha item type | Main |
| Withdrawn status | Lost status | Source of classification or shelving scheme | Damaged status | Not for loan | Collection code | Home library | Current library | Shelving location | Date acquired | Serial Enumeration / chronology | Total Checkouts | Full call number | Barcode | Date last seen | Price effective from | Koha item type |
|---|---|---|---|---|---|---|---|---|---|---|---|---|---|---|---|---|
| Dewey Decimal Classification | Main TEST | RTC Library | RTC Library | Main opac | 08/08/2023 | 177748 | 338.88 JAI | 30019097 | 08/08/2023 | 08/08/2023 | Main |